000 00330nam a22001457a 4500
008 210311b ||||| |||| 00| 0 eng d
020 _a9780130177629
041 _aeng
080 _24th
_a510
082 _a510
100 _a36
101 _aMAT
245 _aExcursions in Modern Mathematics
_cTannenbaum,P
942 _2udc
_cBK
999 _c56283
_d56283